Lover lyrics - Statistics

General Stats
  • This quiz has been taken 183 times
  • The average score is 230 of 256
Answer Stats
Lyrics % Correct
I
100%
lover
99%
a
98%
you,
98%
you
98%
your
98%
me
96%
my,
96%
my
96%
My
96%
this
96%
This
96%
We
96%
we
96%
And
95%
and
95%
be
95%
go
95%
go?
95%
the
95%
where
95%
Can
94%
ever?
94%
for
94%
always
93%
forever
93%
is
93%
take
93%
up
93%
close
92%
could
92%
lights
92%
make
92%
to
92%
You're
92%
you're
92%
all
90%
Christmas
90%
home
90%
January
90%
on
90%
our
90%
out,
90%
place,
90%
'til
90%
'em
89%
in
89%
man
89%
of
89%
rules
89%
With
89%
with
89%
leave
88%
please
87%
save
87%
stand?
87%
will
87%
at
86%
every
86%
Ladies
86%
that
86%
years?
86%
20
84%
Have
84%
I'll
84%
seat,
84%
want
84%
force
83%
gentleman,
83%
jokes
83%
magnetic
83%
room
83%
seconds
83%
you'll
83%
ah,
82%
been
82%
hand,
82%
or
82%
yours
82%
blue
81%
end
81%
friends
81%
heart's
81%
living
81%
Oh,
81%
scar
81%
table,
81%
about
80%
dirtiest
80%
guitar
80%
string
80%
there's
80%
true
80%
who
80%
has
78%
I'm
78%
I've
78%
known
78%
call
77%
let
77%
now,
77%
but
76%
honey,
76%
mysterious
76%
overdramatic
76%
Swear
76%
well
76%
crash
75%
dazzling
75%
summers
75%
three
75%
way
75%
dear
73%
ends
73%
haze,
73%
loved
72%
All's
71%
borrowed
71%
everyone
71%
Darling,
70%
highly
69%
sees
69%
suspicious
69%
wants
69%
ah,
59%
No matching quizzes found
Score Distribution
Percent of People with Each Score
Percentile by Number Answered
Your Score History
You have not taken this quiz